| Tag |
First Indicator |
Second Indicator |
Subfields |
| LEADER |
00000cam a22000001i 4500 |
| 001 |
in00004150113 |
| 006 |
m |o d | |
| 007 |
cr |n||||||||| |
| 008 |
200626s2017 nl a ob 001 0 eng d |
| 005 |
20250816191606.5 |
| 020 |
|
|
|a 9780128125526 (electronic bk.)
|
| 020 |
|
|
|a 0128125527 (electronic bk.)
|
| 020 |
|
|
|z 0081006233
|
| 020 |
|
|
|z 9780081006238
|
| 024 |
8 |
|
|a 99984710863
|
| 035 |
|
|
|a (NhCcYBP)ybp15131233
|
| 040 |
|
|
|a NhCcYBP
|c NhCcYBP
|d UtOrBLW
|
| 050 |
|
4 |
|a RM301.4
|b .B56 2018
|
| 082 |
0 |
4 |
|a 615.19
|2 23
|
| 245 |
0 |
0 |
|a Biopharmaceutical processing :
|b development, design, and implementation of manufacturing processes /
|c edited by Günter Jagschies, Eva Lindskog, Karol Łącki, Parrish Galliher.
|
| 246 |
3 |
0 |
|a Development, design, and implementation of manufacturing processes
|
| 264 |
|
1 |
|a Amsterdam, Netherlands :
|b Elsevier,
|c [2018]
|
| 264 |
|
4 |
|c ©2018
|
| 300 |
|
|
|a 1 online resource.
|
| 336 |
|
|
|a text
|b txt
|2 rdacontent
|
| 337 |
|
|
|a computer
|b c
|2 rdamedia
|
| 338 |
|
|
|a online resource
|b cr
|2 rdacarrier
|
| 504 |
|
|
|a Includes bibliographical references and index.
|
| 588 |
|
|
|a Description based on print version record.
|
| 500 |
|
|
|a Electronic resource.
|
| 650 |
|
0 |
|a Biopharmaceutics.
|0 http://id.loc.gov/authorities/subjects/sh85014252
|
| 650 |
|
0 |
|a Drugs
|x Design.
|0 http://id.loc.gov/authorities/subjects/sh88001157
|
| 650 |
|
0 |
|a Drug factories.
|0 http://id.loc.gov/authorities/subjects/sh85039699
|
| 655 |
|
7 |
|a Electronic books.
|2 local
|
| 700 |
1 |
|
|a Jagschies, Günter,
|e editor.
|0 http://id.loc.gov/authorities/names/nb2007025755
|
| 700 |
1 |
|
|a Lindskog, Eva,
|e editor.
|0 http://id.loc.gov/authorities/names/no2004030363
|
| 700 |
1 |
|
|a Łącki, Karol,
|e editor.
|0 http://id.loc.gov/authorities/names/no2018057147
|
| 700 |
1 |
|
|a Galliher, Parrish,
|e editor.
|0 http://id.loc.gov/authorities/names/no2018057342
|
| 710 |
2 |
|
|a ScienceDirect (Online service)
|0 http://id.loc.gov/authorities/names/no00037061
|
| 776 |
1 |
8 |
|i Online version:
|t Biopharmaceutical processing.
|d Amsterdam, Netherlands : Elsevier, [2018]
|z 9780128125526
|
| 776 |
1 |
8 |
|c Original
|z 0081006233
|z 9780081006238
|w (DLC) 2018302810
|
| 856 |
4 |
0 |
|u http://proxy.library.tamu.edu/login?url=https://www.sciencedirect.com/science/book/9780081006238
|z Connect to the full text of this electronic book
|t 0
|
| 955 |
|
|
|a YBP purchased firm e-records
|
| 980 |
|
|
|b 555.00
|g 1
|
| 999 |
f |
f |
|s 4e3b796f-8001-34ec-b72d-0021fc18ff8a
|i c01031fc-9abe-3de9-8d14-5bff5e233d70
|t 0
|
| 952 |
f |
f |
|a Texas A&M University
|b College Station
|c Electronic Resources
|d Available Online
|t 0
|e RM301.4 .B56 2018
|h Library of Congress classification
|
| 998 |
f |
f |
|a RM301.4 .B56 2018
|t 0
|l Available Online
|